LEADER 03370nam 2200613z- 450 001 9910476932203321 005 20210210 010 $a3-7370-0204-5 035 $a(CKB)4900000000508634 035 $a(oapen)https://directory.doabooks.org/handle/20.500.12854/38911 035 $a(oapen)doab38911 035 $a(EXLCZ)994900000000508634 100 $a20202102d|||| |y 0 101 0 $ager 135 $aurmn|---annan 181 $ctxt$2rdacontent 182 $cc$2rdamedia 183 $acr$2rdacarrier 200 00$aGeschichtsmythen über Hispanoamerika$eEntdeckung, Eroberung und Kolonisierung in deutschen und österreichischen Schulbüchern des 21. Jahrhunderts 210 $cV&R unipress 215 $a1 online resource (246 p.) 330 $aDas Thema Hispanoamerika ist in deutschen und österreichischen Geschichtsschulbüchern aus dem ersten Jahrzehnt des 21. Jahrhunderts massiv von populären Geschichtsmythen geprägt, was eine große Kluft zwischen Schulbuchdiskurs und Fachwissenschaft zur Folge hat. Teilweise gelangten die Mythen - wie beispielsweise die Erzählung über die von Kolumbus überwundene vermeintlich flache Erde des Mittelalters - erst im 20. Jahrhundert in die Lehrwerke, was anhand einer Analyse von Schulbüchern aus vier Jahrhunderten gezeigt werden kann. Die Mythen zu Hispanoamerika und ihre verschiedenen Basisannahmen waren für verschiedene Kollektive im Laufe der Geschichte wichtige Tradierungsbedürfnisse, wurden Teil des kollektiven Bewusstseins und unhinterfragt in deutsche und österreichische Schulbücher übernommen. 330 $aThere are numerous popular myths concerning Hispanic America in German and Austrian textbooks from the first decade of the 21st century, and thus there is a big gap between historical narratives in textbooks and the scientific historical discourse. An analysis of textbooks from four centuries shows, that some of the myths were introduced into the textbooks in the twentieth century - for example the "myth of the flat earth" of medieval times. The myths relating to Hispanic America and the images and assumptions they conveyed were important to many different groups throughout history, became incorporated into collective memory and were uncritically incorporated into German and Austrian textbooks. 517 $aGeschichtsmythen über Hispanoamerika 517 $aGeschichtsmythen über Hispanoamerika 517 $aGeschichtsmythen über Hispanoamerika. 517 $aGeschichtsmythen über Hispanoamerika. 610 $aBartolomé de Las Casas 610 $aChristoph Kolumbus 610 $aColumbus 610 $aCortés 610 $aCortés 610 $aDidactics of History 610 $aFlache Erde 610 $aFlat earth 610 $aGeschichtsdidaktik 610 $aGeschichtsmythen 610 $aHistorical Myths 610 $aIndigene Völker 610 $aIndigene Völker Südamerikas 610 $aKolumbus 610 $aLateinamerika 610 $aLatin America 610 $aMythos 610 $aSchulbücher 610 $aSchulbuchforschung 610 $aSpanien 610 $aTextbook research 610 $aTextbooks 700 $aBernhard$b Roland$4auth$0802283 906 $aBOOK 912 $a9910476932203321 996 $aGeschichtsmythen über Hispanoamerika$91803543 997 $aUNINA LEADER 02814oas 2201057 a 450 001 9910139907803321 005 20260218110715.0 011 $a2092-7363 035 $a(DE-599)ZDB2545725-1 035 $a(OCoLC)612342568 035 $a(CONSER) 2010247779 035 $a(CKB)1000000000801410 035 $a(DE-599)2545725-1 035 $a(EXLCZ)991000000000801410 100 $a20100507a20099999 sy 101 0 $aeng 135 $aur||||||||||| 181 $ctxt$2rdacontent 182 $cc$2rdamedia 183 $acr$2rdacarrier 200 00$aAllergy, asthma & immunology research 210 $a[Seoul?] $cKorean Academy of Asthma, Allergy and Clinical Immunology $cKorean Academy of Pediatric Allergy and Respiratory Disease$d©2009- 300 $aRefereed/Peer-reviewed 311 08$a2092-7355 517 3 $aAllergy, asthma and immunology research 517 1 $aAAIR 517 1 $aAllergy Asthma Immunol Res 606 $aAllergy$vPeriodicals 606 $aImmunology$vPeriodicals 606 $aImmune System Phenomena 606 $aAsthma 606 $aImmune System Diseases 606 $aAsthme$xRecherche$vPe?riodiques 606 $aImmunologie$xRecherche$vPe?riodiques 606 $aSyste?me immunitaire 606 $aAsthme 606 $aMaladies immunologiques 606 $aAllergy$2fast$3(OCoLC)fst00805549 606 $aImmunology$2fast$3(OCoLC)fst00968006 608 $aPeriodical. 608 $aperiodicals.$2aat 608 $aPeriodicals.$2fast 608 $aPeriodicals.$2lcgft 608 $aPe?riodiques.$2rvmgf 615 0$aAllergy 615 0$aImmunology 615 12$aImmune System Phenomena. 615 22$aAsthma. 615 22$aImmune System Diseases. 615 6$aAsthme$xRecherche 615 6$aImmunologie$xRecherche 615 6$aSyste?me immunitaire. 615 6$aAsthme. 615 6$aMaladies immunologiques. 615 7$aAllergy. 615 7$aImmunology. 712 02$aTaehan Ch'o?nsik Alleru?gi Hakhoe. 712 02$aTaehan Soa Alleru?gi Hohu?pki Hakhoe 801 0$bPFM 801 1$bPFM 801 2$bCUD 801 2$bTXA 801 2$bOCLCQ 801 2$bOCLCF 801 2$bOCLCA 801 2$bOCLCQ 801 2$bOCLCO 801 2$bOCLCQ 801 2$bOCLCO 801 2$bZ5A 801 2$bOCLCO 801 2$bOCLCA 801 2$bBUF 801 2$bAU@ 801 2$bOCLCO 801 2$bWYU 801 2$bVT2 801 2$bSFB 801 2$bCNMTR 801 2$bOCLCQ 801 2$bOCLCO 801 2$bOCLCQ 801 2$bOCLCL 801 2$bUAB 801 2$bCASUM 801 2$bADU 801 2$bOCLCQ 906 $aJOURNAL 912 $a9910139907803321 996 $aAllergy, asthma & immunology research$92262613 997 $aUNINA